Project management agreement and conditions of engagement (Record no. 92562)

MARC details
000 -LEADER
fixed length control field 01202cam a2200253 4500
008 - FIXED-LENGTH DATA ELEMENTS--GENERAL INFORMATION
fixed length control field 090401t1989 xxu||||| |||| 00| 0 eng d
020 ## - INTERNATIONAL STANDARD BOOK NUMBER
International Standard Book Number 0854064338
035 ## - SYSTEM CONTROL NUMBER
System control number (Sirsi) u49433
041 ## - LANGUAGE CODE
Language code of text/sound track or separate title eng
050 ## - LIBRARY OF CONGRESS CALL NUMBER
Classification number 658.404
-- 18
090 ## - LOCALLY ASSIGNED LC-TYPE CALL NUMBER (OCLC); LOCAL CALL NUMBER (RLIN)
Classification number (OCLC) (R) ; Classification number, CALL (RLIN) (NR) RICS 1989/44 ABCD
110 ## - MAIN ENTRY--CORPORATE NAME
Corporate name or jurisdiction name as entry element Project Management Diploma Association
9 (RLIN) 771
245 ## - TITLE STATEMENT
Title Project management agreement and conditions of engagement
Remainder of title guidance note for use in conjuction with the memorandum of agreement between client and project manager and conditions of engagement
260 ## - PUBLICATION, DISTRIBUTION, ETC.
Place of publication, distribution, etc. London
Name of publisher, distributor, etc. Surveyors Publications
Date of publication, distribution, etc. 1989
300 ## - PHYSICAL DESCRIPTION
Extent 8p.
Dimensions 30cm.
350 ## - PRICE (NR) (BK AM CF MU VM SE) [OBSOLETE]
Price 3.45
490 ## - SERIES STATEMENT
Series statement RICS Guidance Note
520 ## - SUMMARY, ETC.
Summary, etc. To be read in conjunction with "Project management agreement and conditions of engagement" (ISBN 085406432X).
520 ## - SUMMARY, ETC.
Summary, etc. Superseded by second edition "Project management agreement and conditions of engagement : guidance note for use in conjunction with the memorandum of agreement between client and project manager and conditions of engagement dated May 1992" (ISBN 0854065318).
690 ## - LOCAL SUBJECT ADDED ENTRY--TOPICAL TERM (OCLC, RLIN)
Topical term or geographic name as entry element Project management
9 (RLIN) 6261
710 ## - ADDED ENTRY--CORPORATE NAME
Corporate name or jurisdiction name as entry element Royal Institution of Chartered Surveyors
9 (RLIN) 4900
942 ## - ADDED ENTRY ELEMENTS (KOHA)
Suppress in OPAC 0
948 ## - LOCAL PROCESSING INFORMATION (OCLC); SERIES PART DESIGNATOR (RLIN)
c (OCLC) 04/03/1997
Holdings
Withdrawn status Lost status Source of classification or shelving scheme Damaged status Not for loan Home library Current library Shelving location Date acquired Cost, normal purchase price Total Checkouts Full call number Barcode Date last seen Date last checked out Copy number Cost, replacement price Price effective from Koha item type
    Dewey Decimal Classification     London London RICS Boxes 14/09/1999 3.45 2 RICS 1989/44 30019349 06/08/2019 29/08/2001 1 3.45 06/08/2019 Reference material
    Dewey Decimal Classification     London London RICS Boxes 14/09/1999 3.45   RICS 1989/44 30019353 06/08/2019   2 3.45 06/08/2019 Reference material
    Dewey Decimal Classification     London London RICS Boxes 14/08/1991 3.45   RICS 1989/44 30019357 06/08/2019   3 3.45 06/08/2019 Book
    Dewey Decimal Classification     London London RICS Boxes 14/09/1999 3.45   RICS 1989/44 30022758 06/08/2019   4 3.45 06/08/2019 Archive